000 01153nam a2200337Ia 4500
003 OSt
005 20221007125002.0
006 a|||||r|||| 00| 0
007 ta
008 221006b |||||||| |||| 00| 0 eng d
020 _a9789387788640 (pbk)
024 _a200990
037 _b11859, 22/01/2020, Ahuja Book Co. (P) Ltd.
_cTextual
040 _aCDL
_cCDL
_beng
041 _2eng
_aeng
082 _aE:283, Q9-;4 Carc
100 _aGowariker V R
_9721223
245 0 _aPolymer science
_b Viswanathan N V Sreedhar Jayadev
250 _a3
260 _aNew
_bDelhi New Age International Pub.
_c2019
300 _axv, 395p. ill.
_ccm.
500 _aBibliography 371p.; Appendix 372-382p.; Index 382-395p.
650 _a Copolymerisation
_9721224
650 _a Crystallinity in polymers
_9721225
650 _a Polymer reactions
_9721226
650 _aChemistry
700 _a Sreedhar Jayadev
_9721227
700 _a Viswanathan N V
_9721228
942 _hE:283, Q9-;4 Carc
_cTEXL
_2CC
999 _c1214467
_d1214467